טוען...

The art of joyful living

מידע ביבליוגרפי
מחבר ראשי: Swami Rama
פורמט: Printed Book
יצא לאור: 2014.0
LEADER 00291nam a2200109 4500
082
100 |a Swami Rama 
245 |a The art of joyful living  |c Swami Rama 
260 |a 2014.0 
942 |c BK 
999 |c 199010  |d 199010 
952 |0 0  |1 0  |4 0  |7 0  |9 212359  |a DCI  |b DCI  |d 2019-10-29  |l 0  |p DCI5743  |r 2019-10-29  |w 2019-10-29  |y BK